000 00344 a2200157 4500
001 73805
020 _a
040 _cAnchieta - Colégio São Paulo
100 _aNeto, Laurindo
240 1 0 _aNo cume da montanha
_lpor
245 1 0 _aNo cume da montanha
300 _a176
362 0 _a2003
650 4 _aCrônicas brasileiras
942 _cBK
999 _c73805
_d73805